000 00491nam a22001697a 4500
999 _c12641
_d12641
008 210211b ||||| |||| 00| 0 eng d
082 0 0 _a669.05
_bH6361
100 _9826
_aHiggins, Raymond A.
245 1 0 _aEngineering metallurgy: applied physical metallurgy, Part-1
_cby Raymond A. Higgins
250 _a3rd ed.
260 _aLondon:
_bEnglish Universities Press
_c1971
300 _axii, 467p.
365 _d27.00
650 0 _aMetallurgy
650 0 _aPhysical Metallurgy
942 _cBK